Online
Catalog

Apuntes para la historia de la medicina en Santo Domingo / (Record no. 35837)

MARC details
000 -CABECERA
campo de control de longitud fija 00909nam a2200229 a 4500
001 - NÚMERO DE CONTROL
campo de control 000036346
003 - IDENTIFICADOR DEL NÚMERO DE CONTROL
campo de control OSt
005 - FECHA Y HORA DE LA ÚLTIMA TRANSACCIÓN
campo de control 20210427100631.0
008 - DATOS DE LONGITUD FIJA--INFORMACIÓN GENERAL
campo de control de longitud fija 120113s1941 dr 000 0 spa d
040 ## - FUENTE DE LA CATALOGACIÓN
Centro catalogador/agencia de origen DO-SdBNP
Lengua de catalogación spa
Centro/agencia transcriptor BNPHU
082 #4 - NÚMERO DE LA CLASIFICACIÓN DECIMAL DEWEY
Número de clasificación 610.97293
Número de documento/Ítem L864a
Número de edición 22
100 1# - ENTRADA PRINCIPAL--NOMBRE DE PERSONA
Nombre de persona López Vargas, Fernándo Eliseo
9 (RLIN) 62517
245 10 - MENCIÓN DE TÍTULO
Título Apuntes para la historia de la medicina en Santo Domingo /
Mención de responsabilidad, etc. Fernándo Eliseo López Vargas.
260 ## - PUBLICACIÓN, DISTRIBUCIÓN, ETC.
Lugar de publicación, distribución, etc. Ciudad Trujillo, República Dominicana :
Nombre del editor, distribuidor, etc. Universidad de Santo Domingo;
-- Sindicato Nacional de Artes Gráficas,
Fecha de publicación, distribución, etc. 1941.
300 ## - DESCRIPCIÓN FÍSICA
Extensión 79 p. ;
Dimensiones 25 cm.
500 ## - NOTA GENERAL
Nota general Presentada originalmente como tesis para el doctorado. Año académico de 1941-1942, nº. 38
504 ## - NOTA DE BIBLIOGRAFÍA, ETC.
Nota de bibliografía, etc. Bibliografía : p. 73-79
590 ## - NOTA LOCAL (RLIN)
Nota local Inventariado, 2019 / DG
650 #4 - PUNTO DE ACCESO ADICIONAL DE MATERIA--TÉRMINO DE MATERIA
Término de materia o nombre geográfico como elemento de entrada Medicina
Subdivisión geográfica República Dominicana
Subdivisión general Historia
9 (RLIN) 18658
910 ## - DATOS DE OPCIÓN DEL USUARIO (OCLC)
Datos de opción del usuario Validado. Control de calidad MFF
942 ## - ELEMENTOS DE PUNTO DE ACCESO ADICIONAL (KOHA)
Fuente del sistema de clasificación o colocación Dewey Decimal Classification
Tipo de ítem Koha Libro
Holdings
Estado de retiro Estado de pérdida Fuente del sistema de clasificación o colocación No para préstamo Código de colección Localización permanente Ubicación/localización actual Ubicación en estantería Fecha de adquisición Total de préstamos Signatura topográfica completa Código de barras Fecha visto por última vez Precio válido a partir de Tipo de ítem Koha Nota pública
    Dewey Decimal Classification Excluido de préstamo Raros y valiosos Biblioteca Nacional Pedro Henríquez Ureña Patrimonio Dominicano Depósito 13.01.2012   BNPHU PD-RV 610.97293 L864a 36347-10 25.06.2020 25.06.2020 Libro Perteneció a la biblioteca personal de Carlos Larrazábal Blanco.

Powered by Koha